000 00912cam a22001934a 4500
005 20250605164044.0
008 250528s ||||||||||||||||||||||||d
035 _a17063
020 _a140184210
040 _aGR-AtMCL
_bgre
_dGR-AtMCL
_eAACR2
245 1 _aOn Revolution
260 _bPenguin Books,
_c1990
300 _a352
520 _aHannah Arendt's penetrating observations on the modern world, based on a profound knowledge of the past, constitute a major contribution to political philosophy and to our understanding of the present century. Introduction: War and Revolution, The Meaning of Revolution, The Social Question, The Pursuit of Happiness, Foundation I: Constitution Libertatis, Foundation II: Novus Ordo Saeclorum, The Revolutionary Tradition and Its Lost Treasure, Notes, Bibliography, Index.
700 1 _aArendt Hannah
_93195
942 _cBK
999 _c2503
_d2503